000 00795nam a22002177a 4500
003 OSt
005 20260316061156.0
008 260316b |||||||| |||| 00| 0 eng d
020 _a978-1-4231-0150-5
040 _aDWCL GS lib
_cOC
082 _aR585t 2009
100 _aRIORDAN, RICK
245 _aThe last olympian: Percy Jackson and the olympians book 5
_cRICK RIORDAN
260 _aNew York
_bDisney.Hyperion Books
_c2009
300 _a381+ p
_c19 cm
520 _a16-year-old Percy Jackson leads demigods to defend New York City and Olympus against the Titan lord Kronos.
650 _a leads the demigods in a last stand against Kronos and his Titan
650 _a the strength found in loyalty and compassion rather than raw power.
700 _aRICK RIORDAN
942 _2ddc
_cFIC.
_n0
999 _c9146
_d9146